| 000 | 00647nam a22002057a 4500 | ||
|---|---|---|---|
| 999 |
_c16930 _d16930 |
||
| 003 | AR-CdUCM | ||
| 008 | 190506b ||||| |||| 00| 0 spa d | ||
| 040 |
_aMUNICIPALIDAD PROVINCIAL DEL CUSCO _cBIBLIOTECA MUNICIPAL DEL CUSCO |
||
| 082 |
_a869.3 / _bM14 |
||
| 100 |
_aMadaune Dorlhiac, Pedro _936685 |
||
| 245 | _aCanto a la vida / | ||
| 260 |
_aSantiago de Chile : _bCultura, _c1934. |
||
| 300 |
_a80 paginas ; _bIlustraciones, _c18 cm. |
||
| 505 | _aContenido : Poesia | ||
| 650 |
_aPoesÃa Chilena _95520 |
||
| 650 |
_aPoeta Latinoamericano _936686 |
||
| 650 |
_aLiteratura Chilena _92985 |
||
| 942 |
_2ddc _cLIBROS |
||
| 945 |
_awnts _d2019-05-6 |
||